Logos with Insects - Statistics

General Stats
  • This quiz has been taken 26 times
  • The average score is 3 of 12
Answer Stats
Picture Hint Answer % Correct
Movie Spider Man
91%
Brand Gucci
65%
Sports Team Charlotte Hornets
48%
Movie (Zoomed In) A Bug's Life
35%
Movie Charlotte's Web
35%
Brand Spyder
22%
Sports Team Georgia Tech Yellow Jackets
13%
Technology Microsoft Network
13%
Kids Channel Babytv
9%
Sports Team Greensboro Grasshoppers
9%
Brand (Design) Burberry
4%
Technology Dr. Web
4%
No matching quizzes found
Score Distribution
Percent of People with Each Score
Percentile by Number Answered
Your Score History
You have not taken this quiz